Statistics for History of British Monarchs

Click here to take the quiz!

General Stats

  • This quiz has been taken 6,170 times
  • The average score is 11 of 14

Answer Stats

HintAnswer% Correct
King who had 6 wivesHenry VIII
95%
Prince Albert was the consort of which QueenVictoria
94%
How many Kings have had the regnal name of George6
87%
This Queen had 18 pregnancies but died without an heirAnne
87%
Which King was known as 'Lionheart'?Richard I
85%
King who signed the Magna CartaJohn
83%
King who was beheaded by Oliver CromwellCharles I
81%
King who won the battle of Hastings in 1066William the Conqueror
81%
Who was the British monarch during World War II?George VI
79%
Which uncrowned King abdicated and became the Duke of Windsor?Edward VIII
77%
Who succeeded Queen Elizabeth I?James I
77%
Scottish Queen who was executed by Elizabeth IMary Queen of Scots
76%
After Cromwell's rule which King claimed the monarchy back?Charles II
73%
Who was the mother of Elizabeth I?Anne Boleyn
71%

Score Distribution

Percentile by Number Answered

Percent of People with Each Score

Your Score History

You have not taken this quiz